Deutsche Regierungsbezirke - Sudden Death - Statistiken

Allgemein
  • Dieses Quiz wurde 4.626 mal gespielt
  • Das Durchschnittsergebnis liegt bei 5 aus 13
Answers on the Grid
Answers color-coded by a green-red scale on the quiz's grid according to % correct below.
Allgäu
Arnsberg
Bonn
Darmstadt
Detmold
Franken
Freiburg
Halle
Karlsruhe
Kassel
Köln
Mittelfranken
Mosel
Münster
Neu-Brandenburg
Niederhessen
Oberbayern
Oberpfalz
Odenwald
Ost-Freisland
Pfalz
Rhein-Main
Rhein-Ruhr
Sauerland
Schwaben
Schwäbische Alb
Schwarzwald
Taunus
Tübingen
Wesel
 
Antwortstatistiken
Antwort % Korrekt
Arnsberg
50%
Oberbayern
47%
Köln
42%
Darmstadt
40%
Mittelfranken
40%
Oberpfalz
38%
Karlsruhe
37%
Detmold
35%
Kassel
35%
Münster
35%
Freiburg
33%
Schwaben
33%
Tübingen
31%
Keine übereinstimmenden Quizze gefunden
Verteilung der Resultate
Anzahl Personen mit jedem Resultat
Perzentil nach korrekt beantworteten Fragen
Ihre Resultats-Entwicklung
Sie haben dieses Quiz noch nicht gespielt